[Event "Plzen op 9th"]
[Site "Plzen"]
[Date "2017.11.20"]
[Round "2"]
[White "Berka, Lubos"]
[Black "Kotesovec, Daniel"]
[Result "1-0"]
[WhiteElo "1760"]
[BlackElo "1502"]
[PlyCount "49"]
[EventDate "2017.11.19"]
[EventType "swiss"]
[EventRounds "7"]
[EventCountry "CZE"]
[SourceTitle "CBM 181 Extra"]
[Source "ChessBase"]
[SourceDate "2017.12.12"]
[SourceVersion "1"]
[SourceVersionDate "2017.12.12"]
[SourceQuality "1"]

1. e4 e5 2. Nc3 Nf6 3. Bc4 Nc6 4. d3 Bb4 5. Nge2 Nd4 6. 0-0 h6 7. h3 c6 8. a3 Ba5 9. Ba2 d5 10. exd5 cxd5 11. Nxd4 exd4 12. Ne2 Bb6 13. Bf4 0-0 14. Be5 Be6 15. Nxd4 Bxd4 16. Bxd4 b6 17. b4 Rc8 18. Bb3 Re8 19. Re1 Nh7 20. Qf3 Qg5 21. Re5 Qg6 22. Rae1 Ng5 23. Qg3 f6 24. Rxe6 Rxe6 25. Rxe6 1-0

[Event "CZE-chT2A 1415"]
[Site "Czech Republic"]
[Date "2015.04.19"]
[Round "11.8"]
[White "Kejzlar, Lubos"]
[Black "Kotesovec, Daniel"]
[Result "1-0"]
[WhiteElo "1925"]
[BlackElo "1543"]
[PlyCount "85"]
[EventDate "2014.11.02"]
[EventType "team-tourn"]
[EventRounds "11"]
[EventCountry "CZE"]
[SourceTitle "EXT 2022"]
[Source "ChessBase"]
[SourceDate "2021.10.06"]
[SourceVersion "1"]
[SourceVersionDate "2021.10.06"]
[SourceQuality "1"]
[WhiteTeam "Kozolupy"]
[BlackTeam "Plzen Letna"]
[WhiteTeamCountry "CZE"]
[BlackTeamCountry "CZE"]

1. e4 c6 2. d4 d5 3. f3 dxe4 4. fxe4 Nf6 5. e5 Nd5 6. Nf3 Bf5 7. Bd3 Bxd3 8. Qxd3 e6 9. 0-0 Be7 10. c4 Nb4 11. Qb3 Qc7 12. Nc3 0-0 13. Ne4 c5 14. d5 exd5 15. cxd5 c4 16. Qd1 Bc5+ 17. Kh1 Nd3 18. Qc2 Nxe5 19. Nxe5 Qxe5 20. Nxc5 Qxd5 21. Be3 Nc6 22. Rf5 Qd8 23. Qxc4 Qe7 24. Bg1 Rac8 25. Qf4 b6 26. Ne4 Na5 27. Bd4 Rc6 28. Nf6+ Kh8 29. Qh4 h6 30. Qxh6+ gxh6 31. Nd5+ Kh7 32. Nxe7 Re6 33. Nd5 Rd6 34. Bc3 Nc6 35. h3 Kg6 36. Raf1 Rfd8 37. Ne3 R8d7 38. R1f3 Kh7 39. Rxf7+ Rxf7 40. Rxf7+ Kg6 41. Rg7+ Kh5 42. g4+ Kh4 43. Nf5+ 1-0

[Event "Plzen op-C 9th"]
[Site "Plzen"]
[Date "2003.??.??"]
[Round "4"]
[White "Dostal, Karel"]
[Black "Kotesovec, Daniel"]
[Result "0-1"]
[WhiteElo "1415"]
[BlackElo "1555"]
[PlyCount "73"]
[EventDate "2003.08.??"]
[EventType "swiss"]
[EventRounds "9"]
[EventCountry "CZE"]
[SourceTitle "EXT 2005"]
[Source "ChessBase"]
[SourceDate "2004.11.15"]
[SourceVersion "1"]
[SourceVersionDate "2004.11.15"]
[SourceQuality "1"]

1. e4 Nf6 2. Nc3 Nc6 3. Bc4 e5 4. Nf3 Be7 5. 0-0 0-0 6. d3 d6 7. h3 a6 8. Be3 Na5 9. Bb3 Nxb3 10. axb3 Re8 11. Nd2 d5 12. exd5 Nxd5 13. Nxd5 Qxd5 14. Qh5 h6 15. Nc4 Bf6 16. f4 b5 17. Ra5 Bb7 18. Rf2 exf4 19. Qxd5 Bxd5 20. Bxf4 Bxc4 21. bxc4 Bd4 22. Kf1 Bxf2 23. Kxf2 bxc4 24. dxc4 Re4 25. Bxc7 Rxc4 26. Be5 Rxc2+ 27. Kf3 Re8 28. Bd4 Ree2 29. Rxa6 Rxg2 30. b4 Rg6 31. Ra7 Rc4 32. Bc5 Rc3+ 33. Ke4 Rxh3 34. b5 Rb3 35. b6 Rgxb6 36. Bxb6 Rxb6 37. Kf5 0-1

[Event "Plzen op-C 9th"]
[Site "Plzen"]
[Date "2003.??.??"]
[Round "2"]
[White "Kotesovec, Daniel"]
[Black "Hadac, Pavel Jr"]
[Result "0-1"]
[WhiteElo "1555"]
[BlackElo "1744"]
[PlyCount "76"]
[EventDate "2003.08.??"]
[EventType "swiss"]
[EventRounds "9"]
[EventCountry "CZE"]
[SourceTitle "EXT 2005"]
[Source "ChessBase"]
[SourceDate "2004.11.15"]
[SourceVersion "1"]
[SourceVersionDate "2004.11.15"]
[SourceQuality "1"]

1. Nf3 d5 2. d4 Nf6 3. e3 Bg4 4. Be2 e6 5. Nbd2 c5 6. c4 cxd4 7. Nxd4 Bxe2 8. Nxe2 Nc6 9. Qb3 Qc7 10. cxd5 Nxd5 11. 0-0 Bd6 12. Nf3 0-0 13. Ned4 Nxd4 14. exd4 Qb6 15. Qxb6 Nxb6 16. b3 Rfc8 17. Be3 Ba3 18. Bc1 Bxc1 19. Raxc1 Rxc1 20. Rxc1 Rc8 21. Rxc8+ Nxc8 22. Kf1 f6 23. Ke2 Kf7 24. Kd3 Nb6 25. Nd2 Ke7 26. Nc4 Nd5 27. Kd2 Kd7 28. a3 Kc6 29. Ne3 h5 30. Nxd5 Kxd5 31. Ke3 g5 32. g3 g4 33. Kd3 b5 34. b4 a6 35. Ke3 Kc4 36. Ke4 Kb3 37. d5 exd5+ 38. Kxd5 Kxa3 0-1

[Event "Schneider Bohemia op-C"]
[Site "Plzen"]
[Date "2000.??.??"]
[Round "?"]
[White "Hampel, Rudolf"]
[Black "Kotesovec, Daniel"]
[Result "1-0"]
[WhiteElo "1720"]
[BlackElo "1625"]
[PlyCount "67"]
[EventDate "2000.??.??"]
[EventType "swiss"]
[EventRounds "9"]
[EventCountry "CZE"]
[SourceTitle "EXT 2003"]
[Source "ChessBase"]
[SourceDate "2002.11.25"]
[SourceVersion "1"]
[SourceVersionDate "2002.11.25"]
[SourceQuality "1"]

1. e4 e6 2. e5 d6 3. Nf3 dxe5 4. Nxe5 Bd6 5. Nf3 Nf6 6. d4 0-0 7. Bd3 b6 8. Nbd2 Bb7 9. 0-0 Nbd7 10. Nc4 Be7 11. Qe2 c5 12. c3 Ba6 13. Bf4 Bxc4 14. Bxc4 Nh5 15. Bd2 Bd6 16. Ne5 Nxe5 17. dxe5 Bxe5 18. Qxe5 Qxd2 19. Qxh5 Qxb2 20. Qf3 Rfd8 21. Rad1 Rac8 22. Qe3 Qa3 23. h4 Qa5 24. h5 b5 25. Bd3 b4 26. Qe4 c4 27. Qxh7+ Kf8 28. cxb4 Qxb4 29. Bc2 c3 30. Rxd8+ Rxd8 31. Qh8+ Ke7 32. Qxg7 Qb2 33. Qg5+ Ke8 34. Ba4+ 1-0